000 00911nam a2200253 a 4500
001 000012513
003 000012513
005 20170928125650.0
008 091113s2003 dr 000 f spa d
040 _aBPMSU
_bspa
_cBPMSU
082 0 4 _aRD863.44
_bH557c
100 1 _aHernández M., Edgar
245 1 0 _aChoque de luces /
_cEdgar Hernández M.
260 _aSanto Domingo :
_bSoto Castillo,
_c2003.
300 _a115 p. ;
_c22 cm.
500 _aIncluye datos biográficos del autor en la solapa de la cubierta.
500 _aInteresante relato del mediterráneo presentado y comentado en la peña de los poetas de la plaza mayor de Salamanca, en junio del 2002.
650 4 _aNOVELA DOMINICANA
650 4 _aLITERATURA DOMINICANA
910 _aValidado. Control de calidad MFF
942 _2ddc
_cBK
945 _aTítulo remanejado para BNPHU / 2017 VM
956 _aVMATEO
_b10
_c20150923
_lBPMSU
_h0069
999 _c7154
_d7154